Prof. Dr. Bruno Schumacher
| Titel: | Prof. Dr. Bruno Schumacher : 1879 - 1957 ; Lebenserinnerungen / [hrsg. von Werner Maxwitat] |
|---|---|
| Verfasser: | |
| Beteiligt: | |
| Veröffentlicht: | Duisburg : Collegium Fridericanum, [ca. 2009] |
| Umfang: | 174 S. : Ill. |
| Format: | Buch |
| Sprache: | Deutsch |
| Hinweise zum Inhalt: |
Inhaltsverzeichnis
|
X
alg: 21168766 001A $03032:23-04-09 001B $01999:03-06-23 $t04:06:31.000 001C $03032:23-04-09 $t13:43:32.000 001D $03032:28-04-09 001U $0utf8 001X $00 002@ $0Aau 003@ $0211687669 003O $0612825925 $aOCoLC 007A $0211687669 $aHEB 007G $0DE0204EC55F98B7BD9D6AC12578FB002509C5 007T $0Herdhh211687669 009P $qapplication/pdf $A2 $3Inhaltsverzeichnis $uhttp://scans.hebis.de/HEBCGI/show.pl?21168766_toc.pdf $mV:DE-603;B:DE-Mb50 010@ $ager 011@ $a2009 $n[ca. 2009] 013H $0z 021A $aProf. Dr. Bruno Schumacher $d1879 - 1957 ; Lebenserinnerungen $h[hrsg. von Werner Maxwitat] 027A $aProfessor Dr. Bruno Schumacher 028A $#Schumacher, Bruno $7138031525 $8Schumacher, Bruno$Z1879-1957 [Tp1] $9211794945 028C $BHrsg. $7 $8Maxwitat, Werner [Tnd] $9213689898 033A $pDuisburg $nCollegium Fridericanum 034D $a174 S. 034M $aIll. 044K $#Schumacher, Bruno $7138031525 $8Schumacher, Bruno$Z1879-1957 [Tp1] $9211794945 045F $a370.943832 $eDDC23BSB 045F/01 $a370.9 045F/03 $g43832 045G $a306.0943832 $eDDC23BSB 045G/01 $a306.09 045G/03 $g43832 045H $a900.9438320904 $eDDC23BSB 045H/01 $a900 045H/03 $f0904 045H/03 $g43832 045I $a929.094382 $eDDC23BSB 045I/01 $a929 045I/03 $g4382 045I/03 $g43832 lok: 21168766 24 101B $020-07-09 $t14:12:46.000 101C $020-07-09 101U $0utf8 145Z/01 $a2 S 3497 145Z/02 $a6 8 K 326 145Z/03 $a6 8 M 76 145Z/04 $a6 15 F 145Z/05 $a6 3 H 145Z/06 $a6 7 P 145Z/07 $a6 5 Fa exp: 21168766 24 1 #EPN 201B/01 $020-07-09 $t14:12:46.000 201C/01 $016-04-09 201U/01 $0utf8 203@/01 $0573641196 208@/01 $a20-07-09 $bz 209A/01 $a09.1958 $du $f050 $h09 1958 $x00 209C/01 $a09.1958 G $h09 1958 G 209G/01 $a72187571 $x00 220C/01 $ahae 247C/01 $8358050-7Marburg, Bibliothek des Herder-Instituts Marburg $9102600961 lok: 21168766 78 exp: 21168766 78 1 #EPN 201B/01 $019-04-17 $t21:38:34.000 201U/01 $0utf8 203@/01 $0793023629 208@/01 $a12-11-16 $be 209A/01 $a/ $f000 $x00 220C/01 $aTitelaufnehmer: kk 237A/01 $aweiterführende Signatur(en): 09.1958 244Z/01 $2Trx $#Prusy Wschodnie i Zachodnie $8--Trx--Ost- und Westpreußen $x01 $939113373X 244Z/01 $aGeschichte 1879-1957 $x02 244Z/01 $2Trx $8--Trx--Schumacher, Bruno$Z1879-1957 $x03 $9391087908 244Z/01 $2Trx $#ajaloolased $#istorikai $#historians $#történészek $#historycy $#historici $#historici $8--Trx--Historiker $x04 $9391373544 244Z/01 $2Trx $#professorid $#dėstytojai $#professors $#professzor $#nauczyciele akademiccy $#učitelia vysokoškolskí $#učitelé vysokoškolští $#Professoren $#profesori $#profesoři $8--Trx--Hochschullehrer $x05 $9391380370 244Z/01 $2Trx $#mälestused $#atsiminimai $#Memoirs $#emlékezések $#wspomnienia $#spomienky $#vzpomínky $#memuaarid $#Memoiren $#pamiętniki $#pamäti $#paměti $8--Trx--Erinnerungen $x06 $9391357727 244Z/01 $2Trx $8--Trx--Monographie $x07 $9391384546 245Z/01 $a12.03 $x01 247C/01 $82080>Marburg/Lahn, Herder-Institut, Forschungsbibliothek, Bibliographieportal $9336309341
| LEADER | 00000cam a2200000 c 4500 | ||
|---|---|---|---|
| 001 | 211687669 | ||
| 003 | DE-603 | ||
| 005 | 20230603040631.0 | ||
| 007 | tu | ||
| 008 | 090423s2009 xx |||| | u00||u|ger c | ||
| 035 | |a (DE-599)HEB211687669 | ||
| 035 | |a (OCoLC)612825925 | ||
| 040 | |a DE-603 |b ger |c DE-603 |d DE-603 | ||
| 041 | |a ger | ||
| 082 | 0 | 4 | |8 1\u |a 370.943832 |q DE-101 |2 23/BSB |
| 083 | 0 | |8 2\u |a 306.0943832 |q DE-101 |2 23/BSB | |
| 083 | 0 | |8 3\u |a 900.9438320904 |q DE-101 |2 23/BSB | |
| 083 | 0 | |8 4\u |a 929.094382 |q DE-101 |2 23/BSB | |
| 085 | |8 1\u |b 370.9 | ||
| 085 | |8 1\u |z 2 |s 43832 | ||
| 085 | |8 2\u |b 306.09 | ||
| 085 | |8 2\u |z 2 |s 43832 | ||
| 085 | |8 3\u |b 900 | ||
| 085 | |8 3\u |z 1 |s 0904 | ||
| 085 | |8 3\u |z 2 |s 43832 | ||
| 085 | |8 4\u |b 929 | ||
| 085 | |8 4\u |z 2 |s 4382 | ||
| 085 | |8 4\u |z 2 |s 43832 | ||
| 100 | 1 | |a Schumacher, Bruno |d 1879-1957 |0 (DE-603)211794945 |0 (DE-588)138031525 |2 gnd | |
| 245 | 0 | 0 | |a Prof. Dr. Bruno Schumacher |b 1879 - 1957 ; Lebenserinnerungen |c [hrsg. von Werner Maxwitat] |
| 246 | 1 | 3 | |a Professor Dr. Bruno Schumacher |
| 264 | 1 | |a Duisburg |b Collegium Fridericanum |c [ca. 2009] | |
| 300 | |a 174 S. |b Ill. | ||
| 600 | 1 | 7 | |a Schumacher, Bruno |d 1879-1957 |0 (DE-588)138031525 |0 (DE-603)211794945 |2 gnd |
| 700 | 1 | |a Maxwitat, Werner |e Hrsg. |4 edt |0 (DE-603)213689898 | |
| 856 | 4 | 2 | |m V:DE-603;B:DE-Mb50 |q application/pdf |u http://scans.hebis.de/HEBCGI/show.pl?21168766_toc.pdf |3 Inhaltsverzeichnis |
| 924 | 0 | |9 Mb 50 |a (DE-603)573641196 |b DE-Mb50 |c HES |d c |g 09.1958 | |
| 924 | 0 | |9 2080 |a (DE-603)793023629 |b DE-2080 |c HES |d d |g / | |


